[Event "Continental Class-ch 4th"]
[Site "Arlington"]
[Date "2013.10.13"]
[Round "7"]
[White "Khan, Shamim"]
[Black "Yagiz, Bora"]
[Result "1-0"]
[WhiteElo "1943"]
[BlackElo "1907"]
[PlyCount "73"]
[EventDate "2013.10.09"]
[EventType "swiss"]
[EventRounds "9"]
[EventCountry "USA"]
[SourceTitle "CBM 156 Extra"]
[Source "ChessBase"]
[SourceDate "2013.10.22"]
[SourceVersion "1"]
[SourceVersionDate "2013.10.22"]
[SourceQuality "1"]

1. d4 d6 2. c4 g6 3. Nc3 Bg7 4. e4 Nf6 5. Nf3 0-0 6. h3 e5 7. Be3 exd4 8. Nxd4 Re8 9. Qc2 Na6 10. g3 Nc5 11. Bg2 a5 12. 0-0 c6 13. Rad1 Qc7 14. Rfe1 Bd7 15. b3 Rad8 16. f4 Bc8 17. Kh2 Qe7 18. Bf2 Nh5 19. Re2 Ne6 20. Nxe6 Bxe6 21. Bf3 Qc7 22. Na4 Ra8 23. Qd2 b5 24. cxb5 cxb5 25. Nb6 Rab8 26. Qxd6 Qxd6 27. Rxd6 Bf8 28. Rdd2 Bb4 29. Rc2 Nf6 30. e5 Nd7 31. Nd5 Bf8 32. Rc7 Rec8 33. Rxd7 Bxd7 34. Nf6+ Kg7 35. Nxd7 a4 36. Bd4 Kh6 37. g4 1-0

[Event "Continental Class-ch 4th"]
[Site "Arlington"]
[Date "2013.10.10"]
[Round "3"]
[White "Khan, Shamim"]
[Black "Chan, James"]
[Result "0-1"]
[WhiteElo "1943"]
[BlackElo "2039"]
[PlyCount "78"]
[EventDate "2013.10.09"]
[EventType "swiss"]
[EventRounds "9"]
[EventCountry "USA"]
[SourceTitle "CBM 156 Extra"]
[Source "ChessBase"]
[SourceDate "2013.10.22"]
[SourceVersion "1"]
[SourceVersionDate "2013.10.22"]
[SourceQuality "1"]

1. Nf3 d5 2. g3 Nf6 3. Bg2 g6 4. 0-0 Bg7 5. d3 0-0 6. Nbd2 c6 7. e4 Bg4 8. e5 Nfd7 9. d4 e6 10. h3 Bxf3 11. Nxf3 c5 12. c3 Qb6 13. Qe2 cxd4 14. cxd4 Nc6 15. Be3 Rac8 16. h4 Nb4 17. a3 Nc2 18. Rac1 Nxe3 19. fxe3 Qb3 20. h5 Bh6 21. Kf2 f5 22. hxg6 hxg6 23. Rh1 Kg7 24. Nd2 Qxb2 25. Rb1 Qxa3 26. Rxb7 Rf7 27. Bxd5 exd5 28. e6 Re7 29. Rxd7 Rxd7 30. exd7 Rd8 31. Nf3 Rxd7 32. Ne5 Rb7 33. Rd1 Rb3 34. Rd3 Rxd3 35. Nxd3 Qb3 36. Nc5 Qc3 37. g4 fxg4 38. Qxg4 Qxe3+ 39. Kg2 Qe7 0-1

[Event "Continental Class-ch 4th"]
[Site "Arlington"]
[Date "2013.10.09"]
[Round "1"]
[White "Kaufman, Larry C"]
[Black "Khan, Shamim"]
[Result "1-0"]
[WhiteElo "2347"]
[BlackElo "1943"]
[PlyCount "57"]
[EventDate "2013.10.09"]
[EventType "swiss"]
[EventRounds "9"]
[EventCountry "USA"]
[SourceTitle "CBM 156 Extra"]
[Source "ChessBase"]
[SourceDate "2013.10.22"]
[SourceVersion "1"]
[SourceVersionDate "2013.10.22"]
[SourceQuality "1"]

1. d4 d5 2. c4 c6 3. Nf3 Nf6 4. Nc3 e6 5. Bg5 Nbd7 6. cxd5 exd5 7. e3 Bd6 8. Bd3 Qa5 9. 0-0 0-0 10. a3 h6 11. Bh4 Re8 12. b4 Qc7 13. Qc2 a5 14. b5 c5 15. dxc5 Bxc5 16. Rfd1 Bd6 17. Nxd5 Nxd5 18. Bh7+ Kh8 19. Rxd5 Ne5 20. Nxe5 Bxe5 21. Qxc7 Bxc7 22. Bf5 Be5 23. Bxc8 Bxa1 24. Bxb7 Rab8 25. Bc6 Rec8 26. a4 Rb6 27. Rd8+ Rxd8 28. Bxd8 Rb8 29. Bc7 1-0